الجامع في العروض و القوافي : (رقم التسجيلة. 8772)
[ عرض عادي ]
| 000 -LEADER | |
|---|---|
| fixed length control field | 00753nam a22002057a 4500 |
| 005 - DATE AND TIME OF LATEST TRANSACTION | |
| control field | 20251108164312.0 |
| 008 - FIXED-LENGTH DATA ELEMENTS--GENERAL INFORMATION | |
| fixed length control field | 250721s1996 xx 000 0 ara d |
| 082 14 - DEWEY DECIMAL CLASSIFICATION NUMBER | |
| Classification number | م/416/عرو |
| 100 1# - MAIN ENTRY--PERSONAL NAME | |
| Personal name | العروضي، أبو الحسن أحمد بن محمد |
| 245 10 - TITLE STATEMENT | |
| Title | الجامع في العروض و القوافي : |
| Remainder of title | أوسع كتاب في علم العروض و القافية / |
| 264 1# - PRODUCTION, PUBLICATION, DISTRIBUTION, MANUFACTURE, AND COPYRIGHT NOTICE | |
| Place of production, publication, distribution, manufacture | بيروت : |
| Name of producer, publisher, distributor, manufacturer | دار الجيل، |
| Date of production, publication, distribution, manufacture, or copyright notice | 1996. |
| 300 ## - PHYSICAL DESCRIPTION | |
| Extent | 319ص |
| 500 ## - GENERAL NOTE | |
| General note | ينشر لأول مرة على مخطوطة فريدة |
| 650 17 - SUBJECT ADDED ENTRY--TOPICAL TERM | |
| Topical term or geographic name as entry element | اللغة العربية |
| 650 17 - SUBJECT ADDED ENTRY--TOPICAL TERM | |
| Topical term or geographic name as entry element | علم العروض |
| 700 1# - ADDED ENTRY--PERSONAL NAME | |
| Personal name | زاهد، زهير غازي |
| Relator term | تحقيق |
| 700 1# - ADDED ENTRY--PERSONAL NAME | |
| Personal name | ناجي، هلال |
| Relator term | تحقيق |
| 942 ## - ADDED ENTRY ELEMENTS (KOHA) | |
| Source of classification or shelving scheme | Dewey Decimal Classification |
| Koha item type | مراجع |
| حالة السحب | حالة الفقدان | مصدر التصنيف | حالة التلف | غير قابل للإعارة | المكتبة الرئيسية | المكتبة الحالية | موقع الرف | تاريخ التزويد | الرقم المتسلسل | Total Checkouts | رقم الإستدعاء | الباركود | تاريخ آخر ظهور | تاريخ الفاتورة | نوع المادة (كوها) |
|---|---|---|---|---|---|---|---|---|---|---|---|---|---|---|---|
| Dewey Decimal Classification | Not For Loan | مكتبة الأميرة ايمان العامة | مكتبة الأميرة ايمان العامة | مراجع | 30/09/2013 | [8456] | م/416/عرو | PLD00280671 | 28/07/2025 | 30/09/2013 | مراجع |